<?xml version="1.0" encoding="UTF-8"?>
<record
    xmlns:xsi="http://www.w3.org/2001/XMLSchema-instance"
    xsi:schemaLocation="http://www.loc.gov/MARC21/slim http://www.loc.gov/standards/marcxml/schema/MARC21slim.xsd"
    xmlns="http://www.loc.gov/MARC21/slim">

  <leader>00782nam a2200229Ia 4500</leader>
  <controlfield tag="001">13970</controlfield>
  <controlfield tag="003">GE_BSU</controlfield>
  <controlfield tag="008">181216s||||||||xx |||||||||||||| ||und||</controlfield>
  <datafield tag="040" ind1=" " ind2=" ">
    <subfield code="c">GE_BSU</subfield>
  </datafield>
  <datafield tag="080" ind1=" " ind2=" ">
    <subfield code="a">338</subfield>
  </datafield>
  <datafield tag="100" ind1=" " ind2=" ">
    <subfield code="a">&#x41F;&#x43E;&#x43F;&#x43E;&#x432;,&#x410;.&#x418;. &#x41A;&#x43E;&#x440;&#x43E;&#x43B;&#x435;&#x432;,&#x410;.&#x41D;.</subfield>
  </datafield>
  <datafield tag="245" ind1=" " ind2=" ">
    <subfield code="a">&#x42D;&#x43A;&#x43E;&#x43D;&#x43E;&#x43C;&#x438;&#x43A;&#x430;, &#x43E;&#x440;&#x433;&#x430;&#x43D;&#x438;&#x437;&#x430;&#x446;&#x438;&#x44F; &#x438; &#x43F;&#x43B;&#x430;&#x43D;&#x438;&#x440;&#x43E;&#x432;&#x430;&#x43D;&#x438;&#x435; &#x432;&#x430;&#x433;&#x43E;&#x43D;&#x43D;&#x43E;&#x433;&#x43E; &#x445;&#x43E;&#x437;&#x44F;&#x438;&#x441;&#x442;&#x432;&#x430;.</subfield>
  </datafield>
  <datafield tag="245" ind1=" " ind2=" ">
    <subfield code="b">&#x423;&#x447;&#x435;&#x431;&#x43D;&#x438;&#x43A;.</subfield>
  </datafield>
  <datafield tag="245" ind1=" " ind2=" ">
    <subfield code="c">&#x420;&#x435;&#x434;. &#x41D;.&#x424;.&#x421;&#x435;&#x440;&#x434;&#x44E;&#x43C;&#x435;&#x43D;&#x43A;&#x43E;.</subfield>
  </datafield>
  <datafield tag="250" ind1=" " ind2=" ">
    <subfield code="a">&#x418;&#x437;&#x434; 3-&#x43E;&#x435;, &#x43F;&#x435;&#x440;&#x435;&#x440;&#x430;&#x431;.&#x438; &#x434;&#x43E;&#x43F;.</subfield>
  </datafield>
  <datafield tag="260" ind1=" " ind2=" ">
    <subfield code="a">&#x41C;.</subfield>
  </datafield>
  <datafield tag="260" ind1=" " ind2=" ">
    <subfield code="b">&#x422;&#x440;&#x430;&#x43D;&#x441;&#x43F;&#x43E;&#x440;&#x442;.</subfield>
  </datafield>
  <datafield tag="260" ind1=" " ind2=" ">
    <subfield code="c">1975.</subfield>
  </datafield>
  <datafield tag="300" ind1=" " ind2=" ">
    <subfield code="a">224 &#x441;&#x442;&#x440;. &#x441; &#x438;&#x43B;&#x43B;. 20 &#x441;&#x43C;.</subfield>
  </datafield>
  <datafield tag="653" ind1=" " ind2=" ">
    <subfield code="a">&#x42D;&#x43A;&#x43E;&#x43D;&#x43E;&#x43C;&#x438;&#x43A;&#x430;, &#x43E;&#x440;&#x433;&#x430;&#x43D;&#x438;&#x437;&#x430;&#x446;&#x438;&#x44F; &#x438; &#x43F;&#x43B;&#x430;&#x43D;&#x438;&#x440;&#x43E;&#x432;&#x430;&#x43D;&#x438;&#x435; &#x432;&#x430;&#x433;&#x43E;&#x43D;&#x43D;&#x43E;&#x433;&#x43E; &#x445;&#x43E;&#x437;&#x44F;&#x438;&#x441;&#x442;&#x432;&#x430;.</subfield>
  </datafield>
  <datafield tag="942" ind1=" " ind2=" ">
    <subfield code="c">BK</subfield>
  </datafield>
  <datafield tag="999" ind1=" " ind2=" ">
    <subfield code="c">47112</subfield>
    <subfield code="d">47112</subfield>
  </datafield>
  <datafield tag="952" ind1=" " ind2=" ">
    <subfield code="0">0</subfield>
    <subfield code="1">0</subfield>
    <subfield code="4">0</subfield>
    <subfield code="7">0</subfield>
    <subfield code="9">61631</subfield>
    <subfield code="d">2018-12-17</subfield>
    <subfield code="p">10191</subfield>
    <subfield code="r">2018-12-17</subfield>
    <subfield code="w">2018-12-17</subfield>
    <subfield code="y">BK</subfield>
  </datafield>
</record>
